Tasa kaznan ihanet : (رقم التسجيلة. 148157)

تفاصيل مارك
000 -LEADER
fixed length control field 01031cam a22003134i 4500
008 - FIXED-LENGTH DATA ELEMENTS--GENERAL INFORMATION
fixed length control field 140707s2016 tu a b 000 0 tur c
010 ## - LIBRARY OF CONGRESS CONTROL NUMBER
LC control number 2012506064
020 ## - INTERNATIONAL STANDARD BOOK NUMBER
Canceled/invalid ISBN 9789756168664
040 ## - CATALOGING SOURCE
Original cataloging agency NjP
Language of cataloging eng
Transcribing agency PUL
Modifying agency OCLCO
-- OCLCQ
-- OCLCF
-- DLC
043 ## - GEOGRAPHIC AREA CODE
Geographic area code e-fr---
050 00 - LIBRARY OF CONGRESS CALL NUMBER
Classification number DC34.5.A7
Item number A934 2016
092 04 - LOCALLY ASSIGNED DEWEY CALL NUMBER (OCLC)
Classification number 944.00491992
Item number A975
Edition number 21
099 ## - LOCAL FREE-TEXT CALL NUMBER (OCLC)
Classification number 04
-- 944.00491992 A975
100 1# - MAIN ENTRY--PERSONAL NAME
Personal name Aydin, Cemal
245 10 - TITLE STATEMENT
Title Tasa kaznan ihanet :
Remainder of title Ermeni ihanetinin Paristeki belgesi /
Statement of responsibility, etc. Cemal Aydn.
246 30 - VARYING FORM OF TITLE
Title proper/short title Ermeni ihanetinin Paris'teki belgesi
250 ## - EDITION STATEMENT
Edition statement 1. bask.
260 ## - PUBLICATION, DISTRIBUTION, ETC.
Place of publication, distribution, etc. Sultanahmet, cIstanbul :
Name of publisher, distributor, etc. Teurk Edebiyat Vakf,̧
Date of publication, distribution, etc. 2016.
300 ## - PHYSICAL DESCRIPTION
Extent 112 p. :
Other physical details ill ;
Dimensions 22 cm
500 ## - GENERAL NOTE
General note "150"--Title page verso.
504 ## - BIBLIOGRAPHY, ETC. NOTE
Bibliography, etc. note Includes bibliographical references.
650 #0 - SUBJECT ADDED ENTRY--TOPICAL TERM
Topical term or geographic name entry element Armenian massacres, 1915-1923
Form subdivision Sources.
650 #0 - SUBJECT ADDED ENTRY--TOPICAL TERM
Topical term or geographic name entry element Armenians
Geographic subdivision France
-- Paris
General subdivision History.
902 ## - LOCAL DATA ELEMENT B, LDB (RLIN)
No. of Items 1
905 ## - LOCAL DATA ELEMENT E, LDE (RLIN)
Cataloger Eman
Reviser Rev.
905 ## - LOCAL DATA ELEMENT E, LDE (RLIN)
Cataloger Ghada
Reviser Cat.
942 ## - ADDED ENTRY ELEMENTS (KOHA)
Source of classification or shelving scheme Dewey Decimal Classification
Koha item type Books
المقتنيات
Source of classification or shelving scheme Not for loan Home library Current library Date acquired Full call number Barcode Date last seen Copy number Koha item type
Dewey Decimal Classification   المكتبة المركزبة الجديدة - جامعة القاهرة قاعة الثقاقات الاجنبية - الدور الثالث 11.02.2024 944.00491992 A975 L.C 01000110202777000 05.07.2024 C.1 Books
Cairo University Libraries Portal Implemented & Customized by: Eng. M. Mohamady Contacts: new-lib@cl.cu.edu.eg | cnul@cl.cu.edu.eg
CUCL logo CNUL logo
© All rights reserved — Cairo University Libraries
CUCL logo
Implemented & Customized by: Eng. M. Mohamady Contact: new-lib@cl.cu.edu.eg © All rights reserved — New Central Library
CNUL logo
Implemented & Customized by: Eng. M. Mohamady Contact: cnul@cl.cu.edu.eg © All rights reserved — Cairo National University Library